000 00654nam a2200181 i 4500
001 70551
003 ES-MaACL
005 20250907063047.0
007 t|
008 040728s1919 sp ||||1| spa d
100 1 _aGarcía Villada, Zacarías,
_d1879-1936
_955406
245 1 0 _aCatálogo de los códices y documentos de la catedral de León /
_cpor Zacarías García Villada.
260 _aMadrid :
_b[s.n.],
_c1919 (
_fImp. Clásica Española)
300 _a259 p., 13 lám. ;
_c26 cm.
650 4 _aManuscritos medievales-
_zCatedral de León. Archivo-
_vCatálogos.
_9164433
852 _aES-MaACL
_jA-5068
_bR.16940
999 _c70551
_d70551